La jornada de trabajo de 45 horas: la reducción de la jornada semanal y sus efectos
Gardado en:
| Main Authors: | , , |
|---|---|
| Formato: | Libro |
| Idioma: | Lingua castelá |
| Publicado: |
Santiago
LexisNexis
2005
|
| Edición: | 1a. ed |
| Subjects: | |
| Tags: |
Engadir etiqueta
Sen Etiquetas, Sexa o primeiro en etiquetar este rexistro!
|
MARC
| LEADER | 00000nam a2200000 a 4500 | ||
|---|---|---|---|
| 001 | UCK3320 | ||
| 003 | CL-VaPUC | ||
| 008 | 050422e20050000CL |||||||||||||||||spa|d | ||
| 020 | |a 9562385272 | ||
| 082 | 0 | 4 | |a 344.8301 |b THA |2 21 |
| 100 | 0 | |a Thayer Arteaga, William |e author |9 491416 | |
| 700 | 0 | |a Sánchez Toro, Cecilia |e author |9 491417 | |
| 700 | 0 | |a Parada Tell, Alexander |e author |9 491418 | |
| 245 | 1 | 3 | |a La jornada de trabajo de 45 horas: la reducción de la jornada semanal y sus efectos |
| 250 | |a 1a. ed | ||
| 300 | |a 178 p | ||
| 942 | |c BK | ||
| 945 | |d 20050422 00:00:00 |a cmena | ||
| 260 | |a Santiago |b LexisNexis |c 2005 | ||
| 650 | 7 | |a JORNADA DE TRABAJO |2 CL-VaPUC |9 388087 | |
| 650 | 7 | |a DERECHO LABORAL |2 CL-VaPUC |9 15 | |
| 650 | 7 | |a CONTRATO DE TRABAJO |2 CL-VaPUC |9 491419 | |
| 650 | 0 | |a Normas jurídicas |9 258310 | |
| 651 | 7 | |a CHILE |2 CL-VaPUC |9 491420 | |
| 583 | |a last modification |c 20050422 00:00:00 |k Rodrigo Vera | ||
| 999 | |c 312566 |d 312564 | ||
| 952 | |0 0 |1 0 |4 0 |6 344_830100000000000_THA_2005 |7 0 |8 A |9 383057 |a BIBDER |b BIBDER |d 2019-11-21 |i 4112423 |o 344.8301 THA 2005 |p 4112423 |r 2023-01-25 |w 2019-11-21 |y BK |k DER | ||
| 952 | |0 0 |1 0 |4 0 |6 344_830100000000000_THA_2005 |7 0 |8 A |9 383058 |a BIBDER |b BIBDER |d 2019-11-21 |i 4112431 |o 344.8301 THA 2005 |p 4112431 |r 2023-01-25 |w 2019-11-21 |y BK |k DER | ||